Responses for Show #5716 - Monday, June 15, 2009

Contestants

[<< previous game]

Jocelyn Certner, a call center supervisor from Schenectady, New York

Francois Dominic Laramée, a writer and TV personality from Verdun, Quebec, Canada

A.J. Schumacher, a radio show production intern from St. Paul, Minnesota (whose 1-day cash winnings total $10,800)

[next game >>]

Jeopardy! Round responses

PENNSYLVANIA
NFL LOGOS
BRIDE & GLOOM
A NEW LINE OF BARBIES?
(Alex: ...and like Malibu Barbie, they all end with an "ooh" sound.)
GUINNESS RECORDS
CROSSWORD CLUES "F"
    $200 21
(François: What is Allentown?)

Harrisburg

FrançoisJocelyn
    $200 1
(A.J.: Uh, who are the Chiefs?)
(François: Who are the Redskins?)

the Oakland Raiders (or the Tampa Bay Buccaneers)

A.J.François
Triple Stumper
    $200 26
Rebecca

Jocelyn
    $200 3
Kung Fu Barbie

François
    $200 11
glass

François
    $200 14
(François: What is fluster?)

flushed

François
Triple Stumper
    $400 22
Mardi Gras (or Fat Tuesday)

Jocelyn
    $400 2
the Vikings

Jocelyn
    $400 27
Rochester

Jocelyn
    $400 7
Haiku Barbie

François
    $400 12
Dublin

François
    $400 15
foyer

Jocelyn
    $600 23
a nuclear power plant

François
    $600 4
Texas

A.J.
    $600 28
(Alex: Yes--in Othello.)

Desdemona

François
    $600 8
(Blue) Bayou Barbie

A.J.
    $600 13
a harp

Jocelyn
    $600 16
frontman

A.J.
    $800 24
woods (or forests)

A.J.
    $800 5
the Steelers

François
    $800 29
(François: Who is--what is Peer Gynt?)

Hedda Gabler

François
Triple Stumper
    $800 9
Cordon Bleu Barbie

A.J.
    $800 19
1775

Triple Stumper
    $800 17
fundraiser

François
    $4,200 25
(A.J.: Uh, what is Pittsburgh?)

Erie

A.J.
    $1000 6
the (Indianapolis) Colts

François
    $1000 30
(François: What is Pride and Prejudice?)

Wuthering Heights

FrançoisJocelyn
    $1000 10
Sudoku Barbie

A.J.
    $1000 20
(Alex: And in 1939, the British forces, at the beginning of World War II, were in [*].)

France

Triple Stumper
    $1000 18
furl

François

Scores at the first commercial break (after clue 15):

A.J. François Jocelyn
$2,800 $2,600 $1,400

Scores at the end of the Jeopardy! Round:

A.J. François Jocelyn
$0 $3,600 $3,600

Double Jeopardy! Round responses

AROUND THE HOUSE WITH SIMPLE MACHINES
INTERNATIONAL NEWS
MONEY & FINANCE
DISSING HISTORIC FIGURES
ALAN
"MILL"S
    $400 26
a pulley

A.J.
    $400 1
Brazil

François
    $400 11
coins

A.J.
    $400 6
Nero

François
    $400 21
Alan Alda

Jocelyn
    $400 16
millipedes

A.J.
    $800 27
a ramp (inclined plane)

A.J.
    $800 2
China

François
    $800 12
decimal

A.J.
    $800 7
Montezuma

François
    $800 22
Alan Arkin

Jocelyn
    $800 17
General Mills

Jocelyn
    $1200 28
a fulcrum

A.J.
    $1200 3
Ukraine

François
    $1200 13
CNBC

François
    $1200 8
"Wild Bill" Hickok

A.J.
    $1200 23
Alan Rickman

François
    $1200 18
Agnes de Mille

Triple Stumper
    $1,000 29
[The end-of-round signal sounds.]

a wedge

A.J.
    $1600 4
Rwanda

François
    $1600 14
Spending Account

Jocelyn
    $1600 9
(A.J.: Who is Mata Hara?)

Mata Hari

A.J.Jocelyn
    $1600 24
Alan Dershowitz

Triple Stumper
    $3,000 19
(Jocelyn: What are... I don't know.)

millibars

Jocelyn
    $2000 5
the Tamil Tigers

François
    $2000 15
(A.J.: What is a call order?)

a limit (or stop-loss) order

A.J.
Triple Stumper
    $2000 10
Mary, Queen of Scots

François
    $2000 25
(Alan) Greenspan

François
    $2000 20
millet

François

Scores at the end of the Double Jeopardy! Round:

A.J. François Jocelyn
$2,600 $19,200 $5,800
(lock game)

[wagering suggestions for these scores]

Final Jeopardy! Round responses

ACADEMY AWARD WINNERS
A.J.Who is ?
$8
JocelynWho is Shirley Temple?
$5,000
FrançoisWho is Audrey Hepburn?
$200
Katharine Hepburn

Final scores:

A.J. François Jocelyn
$2,592 $19,000 $800
2nd place: $2,000 New champion: $19,000 3rd place: $1,000

Game dynamics:

Coryat scores:

A.J. François Jocelyn
$7,400 $19,200 $8,800
14 R
(including 1 DD),
4 W
(including 1 DD)
22 R,
5 W
13 R,
1 W
(including 1 DD)

Combined Coryat: $35,400

[game clues] [game scores] [suggest correction]

Game tape date: 2009-03-17
The J! Archive is created by fans, for fans. Scraping, republication, monetization, and malicious use prohibited; this site may use cookies and collect identifying information. See terms. The Jeopardy! game show and all elements thereof, including but not limited to copyright and trademark thereto, are the property of Jeopardy Productions, Inc. and are protected under law. This website is not affiliated with, sponsored by, or operated by Jeopardy Productions, Inc. Join the discussion at JBoard.tv.